| 000 | 005170000a22001690004500 | ||
|---|---|---|---|
| 003 | MACL | ||
| 005 | 20160221122236.0 | ||
| 008 | 160221b xxu||||| |||| 00| 0 eng d | ||
| 040 |
_aMACL _cMACL |
||
| 041 | _aHindi | ||
| 082 | _a370 | ||
| 100 |
_aमृदुला मॅूदडा _939390 |
||
| 245 | _aपावन प्रसंग | ||
| 260 |
_bअखिल भारत सर्व सेवा संघ प्रकाशन _c1956 _aकाशी |
||
| 650 |
_aEducation _939391 |
||
| 942 |
_cHIN _k370 _2ddc |
||
| 999 |
_c25076 _d25076 |
||